000 00705nam a2200289Ia 4500
005 20260324150459.0
008 008 260324s9999 xx 000 0 eng d
020 _a9781003183266
037 _aEBOOK
040 _aCRL
040 _beng
040 _cCRL
041 _2eng
041 _aeng
084 _qCRL
100 _aP. E. Hart
_91226147
245 0 _aStudies in Profit, Business Saving and Investment in the United Kingdom 1920-1962
245 0 _bVolume 1
260 _bTaylor and Francis
260 _c1965
365 _a
365 _b170
856 _uhttp://www.taylorfrancis.com/books/9781003183266
942 _cEBOOK
999 _c1836079
_d1836079